[Event "13. Lichtenberger Sommer"]
[Site "?"]
[Date "2014.08.22"]
[Round "7.47"]
[White "Schröter, Maik"]
[Black "Hoffmann, Rainer"]
[Result "1/2-1/2"]
[WhiteElo "1854"]
[BlackElo "2064"]
[PlyCount "71"]
[EventDate "2014.??.??"]
[WhiteTeam "SG Blau-Weiß Stadtilm"]
[BlackTeam "BSC Rehberge 1945 e.V."]

1. e4 c5 2. Nf3 d6 3. d4 cxd4 4. Nxd4 Nf6 5. Nc3 a6 6. f3 e5 7. Nb3 Be7 8. Be3
Be6 9. a4 O-O 10. Be2 d5 11. exd5 Nxd5 12. Nxd5 Bxd5 13. O-O Nc6 14. c4 Be6 15.
Qxd8 Raxd8 16. Rfd1 f5 17. Bb6 Rde8 18. Nc5 Bc8 19. Nb3 Bf6 20. Rab1 g6 21. Nc1
Be6 22. b4 Rc8 23. Nb3 Nd4 24. Nxd4 exd4 25. Rbc1 Rfe8 26. Bxd4 Bg5 27. Rc3 Bd7
28. Kf2 Bxa4 29. Ra1 Bd7 30. c5 Be6 31. c6 Rxc6 32. Rxc6 bxc6 33. Rxa6 Bd5 34.
b5 cxb5 35. Bxb5 Rb8 36. Rb6 1/2-1/2

[Event "13. Lichtenberger Sommer"]
[Site "?"]
[Date "2014.08.22"]
[Round "7.48"]
[White "Bergmann, Jens"]
[Black "Hahlbohm, Matthias"]
[Result "0-1"]
[WhiteElo "1896"]
[BlackElo "2074"]
[PlyCount "42"]
[EventDate "2014.??.??"]
[WhiteTeam "SK Tempelhof 1931 e.V."]
[BlackTeam "TSG Oberschöneweide e.V."]

1. e4 e6 2. c3 c5 3. Bd3 d5 4. Nf3 Nc6 5. Bc2 d4 6. cxd4 cxd4 7. d3 Bd6 8. Nbd2
Nge7 9. O-O O-O 10. Nc4 Bc7 11. g3 Ng6 12. h4 e5 13. h5 Nge7 14. Nh4 Bh3 15.
Ng2 b5 16. Na3 a6 17. h6 g6 18. Bb3 Na5 19. Qf3 Nxb3 20. axb3 f5 21. Bg5 Bg4
0-1

[Event "13. Lichtenberger Sommer"]
[Site "?"]
[Date "2014.08.22"]
[Round "7.49"]
[White "Badestein, Hartmut"]
[Black "Brüning, Wolfgang"]
[Result "1-0"]
[WhiteElo "2066"]
[BlackElo "1893"]
[PlyCount "45"]
[EventDate "2014.??.??"]
[WhiteTeam "SC Friesen Lichtenberg e.V."]
[BlackTeam "Queer-Springer SSV Berlin"]

1. e4 c5 2. Nf3 e6 3. Qe2 Nc6 4. g3 d6 5. Bg2 g6 6. d3 Bg7 7. c3 Nge7 8. a4 a6
9. Be3 b6 10. h4 h5 11. d4 cxd4 12. cxd4 Bb7 13. Nc3 Rc8 14. O-O O-O 15. Rfd1
Na5 16. Rac1 Nb3 17. Rb1 Nc6 18. d5 Nca5 19. dxe6 fxe6 20. Ng5 Re8 21. Bh3 Rxc3
22. bxc3 Bc8 23. Qd3 1-0

[Event "13. Lichtenberger Sommer"]
[Site "?"]
[Date "2014.08.22"]
[Round "7.50"]
[White "Schulz, Wolfgang"]
[Black "Getzuhn, Detlef"]
[Result "1-0"]
[WhiteElo "2074"]
[BlackElo "1896"]
[PlyCount "63"]
[EventDate "2014.??.??"]
[WhiteTeam "Hamburger SK von 1830 eV"]
[BlackTeam "SV Senat"]

1. e4 e6 2. d3 d5 3. Nd2 c5 4. Ngf3 Nc6 5. g3 Nf6 6. Bg2 b5 7. O-O Bb7 8. Re1
Be7 9. c3 O-O 10. e5 Nd7 11. h4 Qb6 12. Qe2 b4 13. Nf1 d4 14. c4 a5 15. Bf4 Nd8
16. Ng5 Bxg2 17. Kxg2 Bxg5 18. hxg5 f6 19. exf6 gxf6 20. gxf6 Qc6+ 21. Kg1 Rxf6
22. Nh2 e5 23. Bxe5 Nxe5 24. Qxe5 Nf7 25. Qe4 Qxe4 26. Rxe4 Ng5 27. Rg4 Rg6 28.
Kf1 Rf8 29. Re1 h5 30. Rh4 Nf3 31. Nxf3 Rxf3 32. Re5 1-0

[Event "13. Lichtenberger Sommer"]
[Site "?"]
[Date "2014.08.22"]
[Round "7.51"]
[White "Schmalzried, Volker"]
[Black "Oswald, Michael"]
[Result "1-0"]
[WhiteElo "1875"]
[BlackElo "2129"]
[PlyCount "55"]
[EventDate "2014.??.??"]
[BlackTeam "1. Schachclub Anhalt"]

1. c4 f5 2. Nc3 Nf6 3. d4 e6 4. Nf3 b6 5. g3 Bb7 6. Bg2 Bb4 7. Bd2 Bxc3 8. Bxc3
O-O 9. O-O d6 10. Re1 Nbd7 11. Ng5 Bxg2 12. Nxe6 Qe8 13. Nxf8 Bh3 14. Nxd7 Qe4
15. Nxf6+ gxf6 16. f3 Qe3+ 17. Kh1 Qf2 18. Rg1 Re8 19. Qe1 Qe3 20. Rd1 Kf7 21.
d5 h5 22. Bd4 Qh6 23. Qf2 a5 24. Rde1 h4 25. gxh4 f4 26. e3 Rh8 27. exf4 Qxf4
28. Qg3 1-0

[Event "13. Lichtenberger Sommer"]
[Site "?"]
[Date "2014.08.22"]
[Round "7.52"]
[White "Pluska, Alexander"]
[Black "Windolf, Mario"]
[Result "0-1"]
[WhiteElo "1899"]
[BlackElo "1772"]
[PlyCount "88"]
[EventDate "2014.??.??"]
[WhiteTeam "SK Doppelbauer Kiel"]
[BlackTeam "1. Schachclub Anhalt"]

1. d4 Nf6 2. c4 g6 3. Nc3 Bg7 4. e4 d6 5. Nf3 O-O 6. Be2 c6 7. O-O d5 8. cxd5
cxd5 9. e5 Ne8 10. Ne1 Nc6 11. f4 Nc7 12. Be3 Rb8 13. Rc1 Qe8 14. Bd3 f6 15.
Bc2 Kh8 16. Bb3 e6 17. Nd3 Na6 18. Ne2 Bd7 19. Qd2 Qe7 20. a3 Rbc8 21. Bc2 b5
22. b4 Ncb8 23. h3 Bc6 24. g4 f5 25. g5 h6 26. gxh6 Bxh6 27. Kh2 Rf7 28. Rg1
Rg8 29. Rg3 Rh7 30. Ng1 Nd7 31. Nf3 Nb6 32. Bb3 Nc4 33. Bxc4 dxc4 34. Nc5 Nxc5
35. dxc5 Bxf3 36. Rxf3 Rd8 37. Bd4 g5 38. Qf2 g4 39. Rg3 Qb7 40. Be3 Rd3 41.
Bd4 Qe4 42. Rxd3 Bxf4+ 43. Kg1 Bxc1 44. Rg3 Bf4 0-1

[Event "13. Lichtenberger Sommer"]
[Site "?"]
[Date "2014.08.22"]
[Round "7.53"]
[White "Jaeger, Andre"]
[Black "Küchler, Felix"]
[Result "0-1"]
[WhiteElo "1977"]
[BlackElo "1735"]
[PlyCount "98"]
[EventDate "2014.??.??"]
[WhiteTeam "SC Rochade e.V."]
[BlackTeam "Schachunion Berlin e.V."]

1. d4 d6 2. Nf3 Nf6 3. c4 g6 4. g3 Bg7 5. Bg2 O-O 6. O-O Nbd7 7. Nc3 Rb8 8. h3
a6 9. e4 e5 10. Bg5 h6 11. Be3 Ne8 12. dxe5 Nb6 13. exd6 cxd6 14. Bd4 Nxc4 15.
Bxg7 Nxg7 16. Qd4 b5 17. Nd5 Bb7 18. Nf6+ Kh8 19. b3 Ne5 20. Nxe5 Qxf6 21. Nc6
Qxd4 22. Nxd4 Ne6 23. Rfd1 Nc5 24. f3 d5 25. b4 Na4 26. e5 Rfe8 27. f4 Rbc8 28.
Rac1 Nc3 29. Rd2 Rc4 30. Bf1 Ne4 31. Bxc4 Nxd2 32. Bd3 Nc4 33. Kf2 Kg7 34. Re1
Bc8 35. g4 Bd7 36. Bf1 Nb2 37. Rb1 Nc4 38. Bg2 Rd8 39. Re1 Nb2 40. Bf1 Rc8 41.
f5 Rc3 42. e6 fxe6 43. fxe6 Be8 44. Re5 Nd1+ 45. Ke2 Rc4 46. Nf3 Nc3+ 47. Kd3
Nxa2 48. Ke3 Rc3+ 49. Kf2 Nxb4 0-1

[Event "13. Lichtenberger Sommer"]
[Site "?"]
[Date "2014.08.22"]
[Round "7.54"]
[White "Grassi, Fabrizio"]
[Black "Reiche, Henry"]
[Result "1/2-1/2"]
[WhiteElo "1893"]
[BlackElo "1992"]
[PlyCount "45"]
[EventDate "2014.??.??"]
[WhiteTeam "SV Berlin-Friedrichstadt"]
[BlackTeam "SC Zugzwang 95 e.V."]

1. d4 Nf6 2. Bf4 d5 3. e3 e6 4. Nd2 Bd6 5. Bxd6 Qxd6 6. f4 O-O 7. Bd3 c5 8. c3
b6 9. Qe2 a5 10. Nh3 Ba6 11. Nf2 Bxd3 12. Qxd3 Nbd7 13. O-O Rfc8 14. g3 b5 15.
a3 c4 16. Qc2 b4 17. e4 dxe4 18. Nfxe4 Qd5 19. Rfe1 b3 20. Qd1 a4 21. Qe2 Ra5
22. Nxf6+ Nxf6 23. Ne4 1/2-1/2

[Event "13. Lichtenberger Sommer"]
[Site "?"]
[Date "2014.08.22"]
[Round "7.55"]
[White "Westphal, Julian"]
[Black "Keusch, Horst"]
[Result "1-0"]
[WhiteElo "1734"]
[BlackElo "2021"]
[PlyCount "85"]
[EventDate "2014.??.??"]
[WhiteTeam "TSG Oberschöneweide e.V."]
[BlackTeam "SC Friesen Lichtenberg e.V."]

1. d4 d5 2. c4 e6 3. Nc3 Nf6 4. cxd5 exd5 5. Bg5 Be7 6. e3 O-O 7. Bd3 c6 8. Qc2
h6 9. Bh4 Re8 10. Nge2 Nbd7 11. O-O Nf8 12. f3 Nh5 13. Bxe7 Qxe7 14. e4 dxe4
15. fxe4 Bg4 16. Rf2 f5 17. exf5 Rad8 18. h3 Bxe2 19. Rxe2 Qd7 20. Bc4+ Kh8 21.
Rxe8 Qxd4+ 22. Qf2 Qxf2+ 23. Kxf2 Rxe8 24. Bf7 Re5 25. Bxh5 Rxf5+ 26. Bf3 g5
27. Re1 Ng6 28. Kg3 Kg7 29. Re8 Rf7 30. Bh5 Rd7 31. Bxg6 Kxg6 32. Kf3 h5 33.
Ne4 Rf7+ 34. Ke3 g4 35. hxg4 hxg4 36. Rg8+ Kh5 37. Rg5+ Kh4 38. g3+ Kh3 39.
Rh5+ Kg2 40. Rh4 Rf1 41. Rxg4 Rb1 42. b3 Rb2 43. Nc3 1-0

[Event "13. Lichtenberger Sommer"]
[Site "?"]
[Date "2014.08.22"]
[Round "7.56"]
[White "Hörmann, David"]
[Black "Ritter, Uwe"]
[Result "1-0"]
[WhiteElo "1983"]
[BlackElo "1945"]
[PlyCount "127"]
[EventDate "2014.??.??"]
[WhiteTeam "SC Weisse Dame e.V."]
[BlackTeam "Reideburger SV 90 Halle"]

1. e4 e5 2. Nf3 Nf6 3. d4 Nxe4 4. Bd3 d5 5. dxe5 Nc5 6. O-O Nxd3 7. cxd3 Be7 8.
d4 O-O 9. Bf4 Bf5 10. Nc3 c6 11. a3 a5 12. Rc1 Na6 13. Qb3 Qd7 14. Na4 Bd8 15.
Nb6 Bxb6 16. Qxb6 Qc7 17. Qb3 Be6 18. Qc2 Qd7 19. Bd2 Nc7 20. Nh4 Nb5 21. Be3
Qe7 22. g3 Bh3 23. Rfd1 Bd7 24. f4 f5 25. Nf3 Be8 26. Rd3 Bh5 27. Ne1 Nc7 28.
Rb3 Ne6 29. Qd2 h6 30. a4 Kh8 31. Kf2 g5 32. Ng2 Be8 33. Kg1 g4 34. Qd3 Bg6 35.
Nh4 Kh7 36. Rb6 Qc7 37. Rb3 Kg7 38. Ng2 Bh5 39. Bf2 Bg6 40. Ne1 h5 41. Ng2 Rf7
42. Rbc3 Bh7 43. Be3 Qe7 44. Rd1 Nf8 45. Nh4 Ne6 46. Rcc1 Qb4 47. Ra1 Rff8 48.
b3 Rf7 49. Bc1 Qe7 50. Ba3 Qd8 51. Bd6 Qb6 52. Rac1 Kg8 53. Ng2 Bg6 54. Qc3 Kg7
55. Ne1 Qd8 56. Nd3 Qb6 57. Nc5 Re8 58. Rb1 Nd8 59. Re1 Ne6 60. b4 axb4 61.
Rxb4 Qa7 62. Reb1 Nxc5 63. dxc5 Rd7 64. e6+ 1-0

[Event "13. Lichtenberger Sommer"]
[Site "?"]
[Date "2014.08.22"]
[Round "7.57"]
[White "Schmidt, David"]
[Black "Lübke, Thomas"]
[Result "0-1"]
[WhiteElo "1981"]
[BlackElo "1936"]
[PlyCount "70"]
[EventDate "2014.??.??"]
[WhiteTeam "Doppelbauer Woltersdorf"]
[BlackTeam "FVS ASP Hoyerswerda"]

1. d4 Nf6 2. Nf3 b6 3. Bg5 Ne4 4. Bf4 e6 5. Nbd2 Bb7 6. Nxe4 Bxe4 7. Nd2 Bb7 8.
f3 d5 9. e3 Be7 10. Bd3 Nd7 11. O-O Nf6 12. Be5 O-O 13. Bxf6 Bxf6 14. f4 c5 15.
c3 g6 16. Nf3 Bg7 17. Ng5 Qe7 18. Qg4 Bc8 19. Qg3 Bd7 20. Rae1 Rae8 21. Nf3 f6
22. e4 Qd6 23. e5 fxe5 24. fxe5 Qe7 25. h4 Bh6 26. Ng5 Bxg5 27. hxg5 cxd4 28.
cxd4 Qb4 29. Qe3 Bb5 30. Bxb5 Qxb5 31. Rf6 Qxb2 32. Rc1 Rc8 33. Rxc8 Rxc8 34.
Qh3 Qxd4+ 35. Kh1 Rc1+ 0-1

[Event "13. Lichtenberger Sommer"]
[Site "?"]
[Date "2014.08.22"]
[Round "7.58"]
[White "Schilly, Hans-Joachim"]
[Black "Silz, Elisa"]
[Result "0-1"]
[WhiteElo "1804"]
[BlackElo "1957"]
[PlyCount "44"]
[EventDate "2014.??.??"]
[WhiteTeam "SF Siemensstadt"]
[BlackTeam "SV Empor Berlin e.V."]

1. c4 Nf6 2. Nc3 g6 3. d4 Bg7 4. e4 d6 5. f3 O-O 6. Be3 a6 7. Bd3 c5 8. dxc5
dxc5 9. Bxc5 Nbd7 10. Ba3 Ne5 11. Nd5 Nxd5 12. cxd5 Qa5+ 13. Ke2 Nxd3 14. Qxd3
Bd7 15. Kf2 Qb6+ 16. Kg3 f5 17. f4 g5 18. Nh3 gxf4+ 19. Nxf4 Be5 20. d6 Bxf4+
21. Kh4 Rf6 22. exf5 Bxf5 0-1

[Event "13. Lichtenberger Sommer"]
[Site "?"]
[Date "2014.08.22"]
[Round "7.59"]
[White "Meyer-Dunker, Paul"]
[Black "Boeck, Rüdiger"]
[Result "1-0"]
[WhiteElo "1912"]
[BlackElo "1815"]
[PlyCount "91"]
[EventDate "2014.??.??"]
[WhiteTeam "SC Friesen Lichtenberg e.V."]
[BlackTeam "SC Weiße Dame Ulm e.V."]

1. e4 e5 2. Nf3 Nc6 3. Bc4 Bc5 4. c3 Nf6 5. d3 h6 6. Bb3 d6 7. Nbd2 Bb6 8. Qe2
Na5 9. Bc2 c5 10. Nf1 Be6 11. Ng3 Nc6 12. O-O Qd7 13. h3 g5 14. Nf5 O-O-O 15.
a4 Bxf5 16. exf5 Qxf5 17. a5 Bc7 18. b4 cxb4 19. d4 e4 20. d5 Qxd5 21. Nd2 Nd4
22. cxd4 Qxd4 23. Rb1 d5 24. Bb2 Qc5 25. a6 Qd6 26. axb7+ Kb8 27. g3 Rhe8 28.
Ba4 e3 29. Bxf6 exf2+ 30. Qxf2 Bb6 31. Kg2 Bxf2 32. Rxf2 Re3 33. Nf1 Ra3 34.
Bxd8 Rxa4 35. Bf6 a5 36. Re1 Kxb7 37. Bd4 Qd7 38. Rfe2 Kc6 39. Rc1+ Kb5 40.
Rc5+ Ka6 41. Rec2 Ra3 42. Rc7 Qf5 43. Ra7+ Kb5 44. Rc5+ Ka4 45. Raxa5+ Kb3 46.
Nd2+ 1-0

[Event "13. Lichtenberger Sommer"]
[Site "?"]
[Date "2014.08.22"]
[Round "7.60"]
[White "Khorolskyi, Borys"]
[Black "Fuchs, Gabriele"]
[Result "0-1"]
[WhiteElo "1879"]
[BlackElo "1708"]
[PlyCount "96"]
[EventDate "2014.??.??"]
[WhiteTeam "vereinslos"]
[BlackTeam "SF Kraichtal"]

1. d4 d5 2. Nf3 Nf6 3. Bg5 e6 4. e3 Nbd7 5. c3 Be7 6. Bd3 c5 7. Nbd2 b6 8. Rc1
Bb7 9. Bb1 Rc8 10. O-O h6 11. Bh4 Ne4 12. Bxe7 Qxe7 13. Nxe4 dxe4 14. Nd2 cxd4
15. Bxe4 Ba6 16. cxd4 Rxc1 17. Qxc1 Bxf1 18. Kxf1 O-O 19. Qc7 Qb4 20. Nb3 Nf6
21. Bd3 Qa4 22. Bb1 Nd5 23. Qd6 Qc4+ 24. Ke1 Rc8 25. Qd7 Qc7 26. Qxc7 Rxc7 27.
Kd2 Nf6 28. h3 g5 29. g3 Nd7 30. Bd3 Kf8 31. Bb5 Ke7 32. Bd3 f5 33. Kd1 Kf6 34.
Bb5 e5 35. Bxd7 Rxd7 36. Kd2 h5 37. Ke2 Rc7 38. Kd2 f4 39. Kd3 fxg3 40. fxg3
Rd7 41. Ke4 exd4 42. Nxd4 Rc7 43. Nb5 Rc2 44. Nxa7 Rxb2 45. Nc8 b5 46. a3 Rh2
47. Kf3 Ra2 48. Na7 b4 0-1

[Event "13. Lichtenberger Sommer"]
[Site "?"]
[Date "2014.08.22"]
[Round "7.61"]
[White "Exner, Roland"]
[Black "Schmidt, Jürgen"]
[Result "0-1"]
[WhiteElo "1908"]
[BlackElo "1992"]
[PlyCount "53"]
[EventDate "2014.??.??"]
[WhiteTeam "SV Berolina Mitte e.V."]
[BlackTeam "SC Kreuzberg e.V."]

1. Nf3 Nf6 2. g3 d5 3. Bg2 Nc6 4. d4 Bf5 5. O-O h6 6. c4 e6 7. a3 Be7 8. Nc3
Ne4 9. Bf4 Nxc3 10. bxc3 O-O 11. Nd2 g5 12. Be3 Rb8 13. a4 Na5 14. cxd5 exd5
15. f3 Qd7 16. Re1 Qc6 17. Qc1 Bg6 18. Bf2 f5 19. e4 fxe4 20. fxe4 Qf6 21. Rf1
dxe4 22. Nxe4 Qa6 23. Nc5 Bxc5 24. dxc5 Rbd8 25. Ra2 Qc4 26. Rb2 Nb3 27. Rc2
0-1

[Event "13. Lichtenberger Sommer"]
[Site "?"]
[Date "2014.08.22"]
[Round "7.62"]
[White "Hilbig, Dieter"]
[Black "Krüger, Ekkehard"]
[Result "1-0"]
[WhiteElo "2020"]
[BlackElo "1798"]
[PlyCount "85"]
[EventDate "2014.??.??"]
[WhiteTeam "ESV Gera"]
[BlackTeam "SG Narva Berlin e.V."]

1. e4 e5 2. Nf3 Nc6 3. Bc4 Be7 4. c3 Nf6 5. d3 d6 6. Bb3 Bg4 7. Nbd2 Qd7 8. h3
Be6 9. Bc2 h6 10. d4 exd4 11. cxd4 d5 12. e5 Ng8 13. Ba4 a6 14. a3 h5 15. b4
Nh6 16. Bb2 Nf5 17. Rc1 b5 18. Bc2 a5 19. Bd3 Rb8 20. Qe2 axb4 21. Bxb5 Rb6 22.
a4 O-O 23. Nb3 Rfb8 24. Na5 Rxb5 25. Nxc6 R5b6 26. Nxb8 Rxb8 27. Qc2 Rb7 28.
O-O b3 29. Qc6 Qxc6 30. Rxc6 Bd7 31. Ra6 c6 32. Ra8+ Kh7 33. a5 c5 34. a6 Rc7
35. dxc5 Bxc5 36. Rc1 Bb5 37. e6 f6 38. a7 Rxa7 39. Rxa7 Bxa7 40. Rc7 Bb8 41.
Rb7 Be5 42. Nxe5 fxe5 43. Rxb5 1-0

[Event "13. Lichtenberger Sommer"]
[Site "?"]
[Date "2014.08.22"]
[Round "7.63"]
[White "Olaizola, Miguel"]
[Black "Leyrer, Thomas"]
[Result "0-1"]
[WhiteElo "1773"]
[BlackElo "1774"]
[PlyCount "92"]
[EventDate "2014.??.??"]
[WhiteTeam "SK Zehlendorf e.V."]
[BlackTeam "SV Königsjäger Süd-West e.V."]

1. e4 e6 2. d4 d5 3. exd5 exd5 4. Nf3 Bd6 5. Bg5 f6 6. Be3 Ne7 7. Bd3 Bg4 8. h3
Bf5 9. Nh4 Bxd3 10. Qxd3 Qd7 11. Nc3 a6 12. O-O Nbc6 13. a3 O-O-O 14. f4 Rde8
15. Na4 Ng6 16. Nf5 Re4 17. Nxd6+ Qxd6 18. Nc5 Re7 19. f5 Rhe8 20. Bd2 Nf8 21.
Bf4 Qd8 22. Nxa6 bxa6 23. Qxa6+ Kd7 24. Qb5 Qa8 25. Qxd5+ Kc8 26. Qc4 Nd7 27.
b4 Nb6 28. Qd3 Re2 29. Rf2 Rxf2 30. Kxf2 Nxb4 31. Qb5 Qe4 32. axb4 Qxf4+ 33.
Kg1 Qxd4+ 34. Kh2 Qe5+ 35. Qxe5 Rxe5 36. Rf1 Re2 37. Rc1 Rf2 38. c4 Rxf5 39. c5
Nd7 40. g4 Rf4 41. c6 Ne5 42. b5 Rb4 43. Ra1 Rxb5 44. g5 Nxc6 45. gxf6 gxf6 46.
Rf1 f5 0-1

[Event "13. Lichtenberger Sommer"]
[Site "?"]
[Date "2014.08.22"]
[Round "7.64"]
[White "Barwich, Alfred"]
[Black "Ziems, Michael"]
[Result "1-0"]
[WhiteElo "2041"]
[BlackElo "1809"]
[PlyCount "113"]
[EventDate "2014.??.??"]
[WhiteTeam "SV Berolina Mitte e.V."]
[BlackTeam "SV Empor Berlin e.V."]

1. d4 d5 2. Bf4 e6 3. Nf3 Nf6 4. h3 Bd6 5. Bxd6 cxd6 6. e3 Qb6 7. b3 Nc6 8. c3
Bd7 9. Be2 O-O 10. O-O Rfe8 11. Nbd2 Rac8 12. c4 Na5 13. Rc1 Qb4 14. Ne1 Ne4
15. Nxe4 dxe4 16. Nc2 Qb6 17. Qd2 d5 18. c5 Qd8 19. Na3 a6 20. b4 Nc6 21. b5
axb5 22. Nxb5 Ra8 23. Nd6 Re7 24. Nxb7 Qc7 25. Nd6 e5 26. Rb1 exd4 27. exd4 Ra6
28. Nb5 Qd8 29. Bd1 Ra5 30. a4 Bf5 31. Rb2 Qd7 32. Qe3 Ra6 33. Nd6 Be6 34. Be2
g6 35. Rfb1 Ra7 36. Rb7 Qd8 37. R7b6 Rac7 38. Qd2 Qa8 39. Bd1 Kg7 40. Nb5 Rcd7
41. Nc3 Na5 42. Be2 Bf5 43. R1b2 Be6 44. Qf4 Nc6 45. Qe3 Na5 46. Qf4 Nc6 47.
Qd2 Ra7 48. Bb5 Na5 49. Ne2 Bd7 50. Qf4 f5 51. Rb8 Bxb5 52. Rxa8 Rxa8 53. axb5
Nc4 54. Rc2 Ra1+ 55. Kh2 e3 56. Rxc4 exf2 57. Rc1 1-0

[Event "13. Lichtenberger Sommer"]
[Site "?"]
[Date "2014.08.22"]
[Round "7.65"]
[White "Scholta, Danilo"]
[Black "Waitz, Marco"]
[Result "1/2-1/2"]
[WhiteElo "1761"]
[BlackElo "1984"]
[PlyCount "66"]
[EventDate "2014.??.??"]
[WhiteTeam "SV Empor Berlin e.V."]
[BlackTeam "BSV 63 Chemie Weißensee"]

1. d4 d5 2. f4 Nf6 3. e3 Bf5 4. Nf3 e6 5. Be2 Be7 6. O-O O-O 7. Nh4 Ne4 8. Nxf5
exf5 9. Nd2 c5 10. Nxe4 fxe4 11. c3 Nc6 12. b3 cxd4 13. cxd4 f5 14. Bd2 a6 15.
a3 Qb6 16. b4 Bf6 17. Kh1 Be7 18. Qb3 Rad8 19. Rfb1 Kh8 20. Qa4 Na7 21. b5 axb5
22. Bxb5 Nxb5 23. Qxb5 Qxb5 24. Rxb5 Rd7 25. Bb4 Bxb4 26. axb4 g6 27. Ra7 Rc8
28. Rc5 Rb8 29. h3 g5 30. g3 gxf4 31. gxf4 Rg8 32. Kh2 Rdg7 33. Rc2 h5 1/2-1/2

[Event "13. Lichtenberger Sommer"]
[Site "?"]
[Date "2014.08.22"]
[Round "7.66"]
[White "Fiedler, Wolfgang"]
[Black "Pöltelt, Helmut"]
[Result "1/2-1/2"]
[WhiteElo "1928"]
[BlackElo "1745"]
[PlyCount "81"]
[EventDate "2014.??.??"]
[WhiteTeam "SV Berolina Mitte e.V."]
[BlackTeam "SC Eintracht Berlin e.V."]

1. d4 Nf6 2. Nf3 e6 3. c4 d5 4. g3 Nbd7 5. cxd5 exd5 6. Nc3 c6 7. Bg2 Bd6 8.
O-O O-O 9. Ng5 h6 10. Nh3 Re8 11. f3 Nf8 12. Nf2 Bc7 13. Kh1 Nh5 14. f4 f5 15.
e4 Nf6 16. e5 Ne4 17. Be3 Be6 18. Bf3 Qd7 19. Rg1 Nxf2+ 20. Bxf2 Ng6 21. Qc2
Bf7 22. Rac1 Rac8 23. Rg2 Nf8 24. g4 Bg6 25. g5 hxg5 26. Rxg5 Bd8 27. Rg2 Bh7
28. Nxd5 Be7 29. Nxe7+ Qxe7 30. Be3 Ne6 31. Rcg1 Rcd8 32. Bh5 Rf8 33. Qf2 Kh8
34. Bf3 Rd7 35. Rd1 Rfd8 36. a3 Bg6 37. Qc2 Qf7 38. h4 Nxd4 39. Rxd4 Rxd4 40.
Bxd4 Rxd4 41. Qc1 1/2-1/2

[Event "13. Lichtenberger Sommer"]
[Site "?"]
[Date "2014.08.22"]
[Round "7.67"]
[White "Feyer, Leon"]
[Black "Junge, Wolfgang"]
[Result "1-0"]
[WhiteElo "1660"]
[BlackElo "1848"]
[PlyCount "79"]
[EventDate "2014.??.??"]
[WhiteTeam "SV Empor Berlin e.V."]
[BlackTeam "SC Friesen Lichtenberg e.V."]

1. e4 e5 2. Bc4 Nf6 3. d3 Be7 4. Nf3 d6 5. c3 O-O 6. O-O Nbd7 7. Re1 Nb6 8. Bb3
Bg4 9. Nbd2 h6 10. Nf1 Nh7 11. h3 Be6 12. Bc2 Ng5 13. Ng3 Nxf3+ 14. Qxf3 Bg5
15. d4 Bxc1 16. Raxc1 Qg5 17. b3 Nc8 18. d5 Bd7 19. Bd3 Ne7 20. c4 Ng6 21. c5
Rac8 22. Rc2 Nf4 23. Bf1 h5 24. Kh2 h4 25. Ne2 Nxe2 26. Bxe2 f5 27. exf5 Rxf5
28. Qe3 Qf6 29. Bg4 Rf8 30. Bxf5 Bxf5 31. Rd2 dxc5 32. Qxe5 Qg6 33. Qxc7 Rf7
34. Re8+ Kh7 35. Qd8 Qa6 36. Qxh4+ Kg6 37. Qg3+ Kf6 38. Qe5+ Kg6 39. d6 Bxh3
40. Qg3+ 1-0

[Event "13. Lichtenberger Sommer"]
[Site "?"]
[Date "2014.08.22"]
[Round "7.68"]
[White "Günther, Boris"]
[Black "Schilling, Hans"]
[Result "1/2-1/2"]
[WhiteElo "1538"]
[BlackElo "1846"]
[PlyCount "111"]
[EventDate "2014.??.??"]
[WhiteTeam "SF Friedrichshagen"]
[BlackTeam "Sfr.Nord-Ost Berlin"]

1. d4 d5 2. c4 e6 3. Nc3 c5 4. cxd5 exd5 5. dxc5 d4 6. Ne4 Bxc5 7. Nxc5 Qa5+ 8.
Qd2 Qxc5 9. Nf3 Nc6 10. b3 Bg4 11. Bb2 Bxf3 12. gxf3 Nge7 13. Rc1 Qd5 14. Rg1
Ng6 15. Rg5 Qd7 16. f4 f6 17. Rg3 Rd8 18. Rd3 O-O 19. Bh3 Qd6 20. Rc4 Qxf4 21.
Qxf4 Nxf4 22. Rf3 g5 23. Ra4 Rfe8 24. Bf1 Ne5 25. Rg3 Ned3+ 26. Kd2 Nxb2 27.
Rxa7 Rc8 28. Rxb7 Re6 29. Rd7 Rec6 30. Rxd4 Rc2+ 31. Ke3 R8c3+ 32. Ke4 Nxe2 33.
Bxe2 Rxe2+ 34. Re3 Rcxe3+ 35. fxe3 Rxh2 36. a4 Kf7 37. a5 Nd1 38. Rxd1 Ra2 39.
b4 Ke6 40. Rh1 Ra4 41. Rxh7 Rxb4+ 42. Kf3 Ra4 43. Ra7 Kf5 44. a6 Ra3 45. Ra8
g4+ 46. Kf2 g3+ 47. Kxg3 Rxe3+ 48. Kf2 Ra3 49. a7 Kf4 50. Ke2 Ra2+ 51. Kd3 f5
52. Kd4 Ra4+ 53. Kc3 Ra1 54. Kb2 Ra5 55. Kc3 Kf3 56. Rf8 1/2-1/2

[Event "13. Lichtenberger Sommer"]
[Site "?"]
[Date "2014.08.22"]
[Round "7.69"]
[White "Zuccolo, Sebastian"]
[Black "Albinus, Günter"]
[Result "1/2-1/2"]
[WhiteElo "1434"]
[BlackElo "1877"]
[PlyCount "83"]
[EventDate "2014.??.??"]
[WhiteTeam "ASD San Gregorio Pordenone"]
[BlackTeam "SG Weißensee 49 e.V."]

1. d4 Nf6 2. Nf3 e6 3. Bg5 Be7 4. e3 O-O 5. Bd3 h6 6. Bh4 d5 7. O-O Nbd7 8. c4
dxc4 9. Bxc4 c5 10. Nbd2 cxd4 11. Nxd4 Nb6 12. Be2 Nbd5 13. Rc1 Qb6 14. Nc4 Qd8
15. a4 a6 16. Qb3 Ne4 17. Bxe7 Qxe7 18. Bf3 Nc5 19. Qc2 Nd7 20. Bxd5 exd5 21.
Nd2 Nf6 22. h3 Rd8 23. Qc7 Qxc7 24. Rxc7 Ne8 25. Rc3 Bd7 26. N2f3 Rac8 27. Rfc1
Rxc3 28. Rxc3 Rc8 29. Rxc8 Bxc8 30. Kf1 Nd6 31. Nd2 Kf8 32. Ke2 Ke7 33. Kd3 Kf6
34. e4 dxe4+ 35. Nxe4+ Ke5 36. f4+ Kd5 37. Nxd6 Kxd6 38. Kc4 b6 39. b4 g6 40.
h4 Bb7 41. g3 Bd5+ 42. Kd3 1/2-1/2

[Event "13. Lichtenberger Sommer"]
[Site "?"]
[Date "2014.08.22"]
[Round "7.70"]
[White "Geldner, Gerrit"]
[Black "Reiser, Ralf"]
[Result "1/2-1/2"]
[WhiteElo "1713"]
[BlackElo "1755"]
[PlyCount "36"]
[EventDate "2014.??.??"]
[WhiteTeam "Schachunion Berlin e.V."]
[BlackTeam "Schachunion Berlin e.V."]

1. c4 Nf6 2. Nc3 e6 3. d4 Bb4 4. Nf3 c5 5. Bd2 cxd4 6. Nxd4 O-O 7. e3 b6 8. Be2
Bb7 9. O-O Nc6 10. Bf3 Rc8 11. Ncb5 Be7 12. Qa4 d5 13. cxd5 Nxd5 14. Rac1 Bc5
15. a3 a6 16. Nc3 b5 17. Nxc6 Rxc6 18. Qg4 Nf6 1/2-1/2

[Event "13. Lichtenberger Sommer"]
[Site "?"]
[Date "2014.08.22"]
[Round "7.71"]
[White "Dathe, Frederick"]
[Black "Duijker, Bert"]
[Result "1/2-1/2"]
[WhiteElo "1594"]
[BlackElo "1926"]
[PlyCount "51"]
[EventDate "2014.??.??"]
[WhiteTeam "Schachunion Berlin e.V."]
[BlackTeam "Bennekomse S.V."]

1. d4 g6 2. c4 Bg7 3. Nc3 d6 4. e4 Nc6 5. Be3 e5 6. d5 Nd4 7. Nge2 Nxe2 8. Bxe2
f5 9. f3 Nf6 10. Rc1 b6 11. O-O O-O 12. b4 a5 13. a3 axb4 14. axb4 fxe4 15.
fxe4 Ra3 16. Qd2 Ng4 17. Rxf8+ Bxf8 18. Bxg4 Bxg4 19. Nb5 Ra8 20. c5 bxc5 21.
bxc5 dxc5 22. Bxc5 c6 23. Bxf8 cxb5 24. Bh6 Qb6+ 25. Be3 Qb7 26. Qb2 1/2-1/2

[Event "13. Lichtenberger Sommer"]
[Site "?"]
[Date "2014.08.22"]
[Round "7.72"]
[White "Hirstel, Serge"]
[Black "Wolff, Marie Antoinette"]
[Result "1/2-1/2"]
[WhiteElo "1910"]
[BlackElo "1707"]
[PlyCount "45"]
[EventDate "2014.??.??"]
[WhiteTeam "Hipsheim"]
[BlackTeam "Leegebrucher Schachfreunde"]

1. e4 c5 2. Nf3 Nc6 3. Bb5 d6 4. O-O Nf6 5. Re1 Bd7 6. c3 g6 7. d4 cxd4 8. cxd4
Rc8 9. Nc3 Bg7 10. h3 O-O 11. Be3 a6 12. Bd3 b5 13. a3 Na5 14. Rc1 Nc4 15. Qe2
Nxe3 16. Qxe3 e6 17. e5 Ne8 18. Ne4 Bc6 19. Rc2 Bb7 20. Rec1 dxe5 21. dxe5 Rxc2
22. Rxc2 Nc7 23. Qe2 1/2-1/2